| 000 | 01740 a2200205 4500 | ||
|---|---|---|---|
| 020 | _a9780465002528 | ||
| 020 | _a9780465002528 | ||
| 040 |
_aDLC _bDLC |
||
| 100 | 1 | _aBrzezinski, Zbigniew, | |
| 245 | 1 | 0 |
_aSecond chance: three presidents and the crisis of American superpower _bthree presidents and the crisis of American superpower _cZbigniew Brzezinski. |
| 260 |
_aNew York : _bBasic Books, _cc2007. |
||
| 300 |
_avi, 234 p. ; _c22 cm. |
||
| 500 | _aIncludes index. | ||
| 520 | 1 | _a"The last three presidential administrations - Bush Senior, Clinton, and Bush Junior - span less than two decades but cover a pivotally important time: a period in which the United States, having emerged from the Cold War as the unquestioned victor, enjoyed a degree of international dominance that was unprecedented in the history of the world. These three American presidents were not mere heads of state but the de facto leaders of the world." "Second Chance is a dispassionate, unsparing assessment of how the three presidents performed as history's first successive global leaders, and how that performance was influenced by their personal leadership styles. Zbigniew Brzezinski, America's most distinguished commentator on international affairs, concludes that the United States has squandered a great deal of its power and prestige. No president escapes criticism, though the blame is by no means shared equally. Brzezinski concludes by recommending how America can regain its global stature in today's era of global political awakening."--BK JACKET. | |
| 600 | 1 | 0 |
_aBush, George, _d1924- |
| 600 | 1 | 0 |
_aClinton, Bill, _d1946- |
| 600 | 1 | 0 |
_aBush, George W. _d1946- |
| 651 | 0 |
_aUnited States _xForeign relations _y1989- |
|
| 942 |
_cBK _k327.73 BRZ _2ddc |
||
| 999 |
_c7114 _d7114 |
||